Los instrumentos de democracia directa en el derecho comparado

Detalles Bibliográficos
Autor principal: Garcia, Eloy
Otros Autores: Palici Di Suni, Elisabetta, Rogoff, Martin
Formato: eBook
Lenguaje:español
Publicado: Madrid: Instituto Nacional de Administracin̤ Pb︢lica (INAP), 2019
Materias:
Acceso en línea:Acceso restringido

MARC

LEADER 00000nam a22000007a 4500
005 20191114221856.0
007 cr|||| ||||
008 191114s2019 es |||||s|||| 00||0 spa d
020 |a 978-84-7351-666-2 
035 |a 30688 
040 |a vLex 
090 |c 10017  |d 10017 
100 1 |a Garcia, Eloy 
245 1 3 |a Los instrumentos de democracia directa en el derecho comparado  |h [Recurso electrn̤ico] /  |c Eloy Garcia, Elisabetta Palici Di Suni, Martin Rogoff 
256 |a Servicio en ln̕ea 
260 |a Madrid:  |b Instituto Nacional de Administracin̤ Pb︢lica (INAP),  |c 2019 
300 |a 1 recurso electrn̤ico 
500 |a El Tratado de Derecho Pb︢lico Comparado es fruto de la voluntad de realizar un proyecto n︢ico en el panorama del derecho pb︢lico comparado. Dicho proyecto aspira en efecto a proporcionar al lector, –estudioso, estudiante, as ̕como cualquiera que quiera aproximarse a la materia–, una exploracin̤, una sn̕tesis y una presentacin̤ original del saber comparativo en el m̀bito publicista, que se concretan tanto en la exposicin̤ y compendio de diferentes tesis, como, cuando es posible, en el desarrollo de ln̕eas interpretativas originales. 
506 1 |a Disponible solo en los productos indicados  |d vLex Global  |d vLex Global (Academic Edition, excluding Law Schools)  |d vLex Global (U.S. Academic Edition, Law Schools)  |d vLex Global (U.S. Academic Edition, excluding Law Schools)  |d vLex Global (Academic Edition, Law Schools) 
650 0 4 |a Derecho Constitucional  |z Espaą 
700 1 |a Palici Di Suni, Elisabetta 
700 1 |a Rogoff, Martin 
740 0 |a vLex Libros (Servicio en ln̕ea) 
856 4 0 |u http://vlex.com/source/instrumentos-de-democracia-directa-en-el-derecho-comparado-30688  |z Acceso restringido 
942 |c BOOK 
999 0 |a Constitutional right